| 000 | 00459nam a22001097a 4500 | ||
|---|---|---|---|
| 008 | 150618b xxu||||| |||| 00| 0 eng d | ||
| 010 | _8HCCRSF: 004 | ||
| 245 | _aHIGH COURT CRIMINAL SESSION No.88 of 1969 Uganda Vs Basilion Rwambego | ||
| 260 | _aHigh Court Kampala | ||
| 500 | _3(original criminal Case No. MFP. 705 of 1968 in the District court Toro at Fort portal Before: P.B Kirwan, Esq., Magistrate Gr 1) | ||
| 500 | _3 Before: Hon. Mr. Justice W.H. Goudie | ||
| 999 |
_c6407 _d6407 |
||